Pathways from ethnic conflict : (Record no. 13828)
[ view plain ]
| 000 -LEADER | |
|---|---|
| fixed length control field | 02111nam a2200229 a 4500 |
| 001 - CONTROL NUMBER | |
| control field | ASIN0415554020 |
| 005 - DATE AND TIME OF LATEST TRANSACTION | |
| control field | 20170105102840.0 |
| 008 - FIXED-LENGTH DATA ELEMENTS--GENERAL INFORMATION | |
| fixed length control field | 130802s2010 xxu eng d |
| 020 ## - INTERNATIONAL STANDARD BOOK NUMBER | |
| International Standard Book Number | 0415554020 (hardcover) |
| Terms of availability | $150.00 |
| 020 ## - INTERNATIONAL STANDARD BOOK NUMBER | |
| International Standard Book Number | 9780415554022 (hardcover) |
| 040 ## - CATALOGING SOURCE | |
| Original cataloging agency | 0 |
| 082 ## - DEWEY DECIMAL CLASSIFICATION NUMBER | |
| Classification number | 305.8 |
| 245 10 - TITLE STATEMENT | |
| Title | Pathways from ethnic conflict : |
| Remainder of title | institutional redesign in divided societies / |
| Statement of responsibility, etc. | John Coakley. |
| 260 ## - PUBLICATION, DISTRIBUTION, ETC. | |
| Place of publication, distribution, etc. | [S.l.] : |
| Name of publisher, distributor, etc. | Routledge, |
| Date of publication, distribution, etc. | 2010. |
| 300 ## - PHYSICAL DESCRIPTION | |
| Extent | 248 p. ; |
| Dimensions | 25 cm. |
| 490 1# - SERIES STATEMENT | |
| Series statement | Routledge studies in nationalism and ethnicity. |
| 520 ## - SUMMARY, ETC. | |
| Summary, etc. | The book begins with an agenda-setting introduction which will provide an overview of the central question being addressed, such as the circumstances associated with the move towards a political settlement, the parameters of this settlement and the factors that have assisted in bringing it about. The remaining contributions will focus on a range of cases selected for their diversity and their capacity to highlight the full gamut of political approaches to conflict resolution. The cases vary in: the intensity of the conflict (from Belgium, where it is potential rather than actual, to Sri Lanka, where it has come to a recent violent conclusion); in the geopolitical relationship between the competing groups (from Cyprus, where they are sharply segregated geographically, to Northern Ireland, where they are intermingled); in the extent to which a stable constitutional accommodation has been reached (ranging from the Basque Country, with a large range of unresolved problems, to South Africa, which has achieved a significant level of institutional stability). This book ranges over the world’s major geopolitical zones, including Asia, the Middle East, Africa and Europe and will be of interest to practitioners in the field of international security. This book was published as a special issue of Nationalism and Ethnic Politics . |
| 700 1# - ADDED ENTRY--PERSONAL NAME | |
| Personal name | Coakley, John. |
| 830 #0 - SERIES ADDED ENTRY--UNIFORM TITLE | |
| Uniform title | Routledge studies in nationalism and ethnicity. |
| 856 40 - ELECTRONIC LOCATION AND ACCESS | |
| Materials specified | Amazon.com |
| Uniform Resource Identifier | <a href="http://www.amazon.com/exec/obidos/ASIN/0415554020/chopaconline-20">http://www.amazon.com/exec/obidos/ASIN/0415554020/chopaconline-20</a> |
| 942 ## - ADDED ENTRY ELEMENTS (KOHA) | |
| Source of classification or shelving scheme | |
| Koha item type | Book |
| Withdrawn status | Lost status | Damaged status | Not for loan | Collection code | Permanent Location | Current Location | Shelving location | Date acquired | Total Checkouts | Full call number | Barcode | Date last seen | Price effective from | Koha item type |
|---|---|---|---|---|---|---|---|---|---|---|---|---|---|---|
| Centre for International Peace & Stability (CIPS) | Centre for International Peace & Stability (CIPS) | General Stacks | 08/01/2013 | 305.8 PAT 2010 | CIPS0000113 | 08/02/2013 | 08/02/2013 | Book |
